书目信息 |
| 题名: |
三行小脚印
|
|
| 作者: | 唐斯复 , 邵宏大 著 | |
| 分册: | ||
| 出版信息: | 北京 北京出版社 1982 |
|
| 页数: | 136页 | |
| 开本: | 19cm | |
| 丛书名: | ||
| 单 册: | ||
| 中图分类: | I287.45 , I247.5 | |
| 科图分类: | ||
| 主题词: | 儿童文学-中篇小说--中国--现代 , 中篇小说-儿童文学--中国--现代 , 小说--中国 | |
| 电子资源: | ||
| ISBN: | ||
| 000 | 00722nam0 2200265 450 | |
| 001 | 1535824586 | |
| 005 | 20150120095726.96 | |
| 010 | @dCNY0.34 | |
| 091 | @a10071.379 | |
| 100 | @a19950226d1982 demy0chiy0110 ea | |
| 101 | 0 | @achi |
| 102 | @aCN@b110000 | |
| 105 | @af z 000ay | |
| 200 | 1 | @a三行小脚印@9san hang xiao jiao yin@f唐斯复,邵宏大著 |
| 210 | @a北京@c北京出版社@d1982 | |
| 215 | @a136页@c插图@d19cm | |
| 606 | 0 | @a儿童文学-中篇小说@y中国@z现代 |
| 606 | 0 | @a中篇小说-儿童文学@y中国@z现代 |
| 606 | 0 | @a小说@x中国 |
| 690 | @aI287.45@v5 | |
| 690 | @aI247.5@v4 | |
| 701 | 0 | @a唐斯复@9tang si fu@4著 |
| 701 | 0 | @a邵宏大@9shao hong da@4著 |
| 801 | 0 | @aCN@bTSSF@c20150120 |
| 905 | @aZUCC@dI247.5@eJY57 | |
| 三行小脚印/唐斯复,邵宏大著.-北京:北京出版社,1982 |
| 136页:插图;19cm |
| ISBN :CNY0.34 |
| ● |
| 相关链接 |
|
|
|
|
正题名:三行小脚印
索取号:I247.5/JY57
 
预约/预借
| 序号 | 登录号 | 条形码 | 馆藏地/架位号 | 状态 | 备注 |
| 1 | 7850275 | 278502755 | 学院路分馆/ [索取号:I247.5/JY57] | 在馆 | |
| 2 | 7850276 | 278502764 | 学院路分馆/ [索取号:I247.5/JY57] | 在馆 |